10 Ore Norway, Norw. catalog # 36 (Record no. 1969)

000 -LEADER
fixed length control field 00419nam a22000977a 4500
008 - FIXED-LENGTH DATA ELEMENTS--GENERAL INFORMATION
fixed length control field 160502b xxu||||| |||| 00| 0 eng d
100 ## - MAIN ENTRY--AUTHOR'S NAME
Author's Name Werenskiold, Carl
245 ## - TITLE STATEMENT
Title 10 Ore Norway, Norw. catalog # 36
260 ## - PUBLICATION, DISTRIBUTION, ETC. (IMPRINT)
Name of publisher, distributor, etc. Scandinavian Collectors Club
Date of publication, distribution, etc. 1975
650 ## - TOPICAL TERM (Tag)
Topical term or geographic name Norway | 1882 | 19th Century | Definitive Issues | Production | Errors and Varieties -- Printing | Engraving | Stamps -- Histories | Collecting -- Identification
Holdings
Withdrawn status Lost status Source of classification or shelving scheme Damaged status Koha normalized classification for sorting Not for loan Permanent Location Current Location Date acquired Total Checkouts Full call number Barcode Date last seen Price effective from
        G6941 D313 W487   Northern Philatelic Library Northern Philatelic Library 05/02/2016   G6941 D313 W487 1002259 05/02/2016 05/02/2016

Powered by Koha